000 00488nam a2200169Ia 4500
001 18562
003 IN-NITTTR
005 20251114233216.0
008 251113s9999||||xx |||||||||||||| ||eng||
040 _beng
040 _cIN-NITTTR
041 _aeng
082 _a491.43321 I2B
100 _aIndia. Ministry of Education and Cultural Affairs,
245 0 _aBrahet parabhashik shabad- sangarah (hindi- angrezi). /
_cIndia. Ministry of Education and Cultural Affairs
942 _2ddc
_cBK
999 _c21196
_d21196